[Event "48. Torneo Villa de Mislata"]
[Site "Mislata ESP"]
[Date "2014.08.14"]
[Round "6.4"]
[White "Ribera Cebolla, Marc"]
[Black "Perez Manas, Benjamin"]
[Result "1/2-1/2"]
[WhiteElo "2059"]
[BlackElo "2290"]
[PlyCount "143"]
[EventDate "2014.08.11"]
[EventType "swiss"]
[EventRounds "9"]
[EventCountry "ESP"]
[Source "lmi"]
[SourceDate "2014.08.11"]

1. e4 c6 2. d4 d5 3. Nc3 dxe4 4. Nxe4 Nd7 5. Ng5 Ngf6 6. Bd3 e6 7. N1f3 Bd6 8.
Qe2 h6 9. Ne4 Nxe4 10. Qxe4 Qc7 11. O-O Nf6 12. Qe2 O-O 13. b3 b6 14. Bb2 Bb7
15. Ne5 Rfe8 16. c4 Rad8 17. Rad1 c5 18. h3 Ba8 19. dxc5 Bxc5 20. Ng4 Qg3 21.
Nxf6+ gxf6 22. Qg4+ Qxg4 23. hxg4 Kg7 24. Bc2 Bc6 25. Rxd8 Rxd8 26. Rd1 Rxd1+
27. Bxd1 Be4 28. g3 Kg6 29. Kf1 Bd3+ 30. Kg2 f5 31. gxf5+ Bxf5 32. Kf3 Bd3 33.
a3 a5 34. Bc1 e5 35. Be3 e4+ 36. Kg2 Bxe3 37. fxe3 Kg5 38. Kf2 a4 39. bxa4 Bxc4
40. Bc2 Kf5 41. Ke1 Bd5 42. Bd1 Kg5 43. Bc2 h5 44. Kf2 f5 45. Bd1 Bc4 46. Bc2
h4 47. gxh4+ Kxh4 48. Bd1 Bf7 49. Be2 Bh5 50. Bc4 Bd1 51. Be6 Kg5 52. Kg3 Bxa4
53. Bc8 Bb5 54. Bb7 Bd7 55. Bd5 Be8 56. Bb7 Bd7 57. Bd5 Bc8 58. Bc6 f4+ 59.
exf4+ Kf5 60. Bb5 Be6 61. Be2 Bb3 62. Bg4+ Kf6 63. Kf2 Bd5 64. Ke3 Bb7 65. Bd7
Bd5 66. Kd4 Bb7 67. Bg4 Bc6 68. Kc4 Kg6 69. Kd4 Kf6 70. Bc8 Ba8 71. Bd7 Bb7 72.
Bg4 1/2-1/2

[Event "48. Torneo Villa de Mislata"]
[Site "Mislata ESP"]
[Date "2014.08.14"]
[Round "6.5"]
[White "Aymerich Rosell, Pablo"]
[Black "Montalban Galvez, Antoni"]
[Result "1/2-1/2"]
[WhiteElo "2125"]
[BlackElo "2203"]
[PlyCount "87"]
[EventDate "2014.08.11"]
[EventType "swiss"]
[EventRounds "9"]
[EventCountry "ESP"]
[Source "lmi"]
[SourceDate "2014.08.11"]

1. d4 Nf6 2. c4 c5 3. d5 e6 4. Nc3 exd5 5. cxd5 d6 6. Nf3 g6 7. Bf4 Bg7 8. Qa4+
Bd7 9. Qb3 Qc7 10. e4 O-O 11. Nd2 Re8 12. Be2 Na6 13. O-O Rab8 14. Nb5 Bxb5 15.
Bxb5 Re7 16. Rae1 Qd8 17. e5 dxe5 18. Bxe5 Nc7 19. d6 Rxe5 20. Rxe5 Qxd6 21.
Re2 Nxb5 22. Qxb5 a6 23. Qb3 b5 24. Nf3 c4 25. Qd1 Rd8 26. Rd2 Nd5 27. Re1 Bf6
28. Qc2 Qb6 29. Red1 Nb4 30. Rxd8+ Bxd8 31. Qd2 Be7 32. Re1 Qc7 33. Qh6 Qd8 34.
Ne5 Bg5 35. Qh3 Kg7 36. a3 Nc2 37. Rf1 Nd4 38. Kh1 Qd5 39. Nf3 Nxf3 40. Qxf3
Qxf3 41. gxf3 Bf6 42. Rb1 Bd4 43. Kg2 Kf6 44. Kf1 1/2-1/2

[Event "48. Torneo Villa de Mislata"]
[Site "Mislata ESP"]
[Date "2014.08.14"]
[Round "6.6"]
[White "Ramiro Ovejero, Juan Luis"]
[Black "Jordan Arenas, Manuel"]
[Result "1/2-1/2"]
[WhiteElo "2364"]
[BlackElo "2148"]
[PlyCount "178"]
[EventDate "2014.08.11"]
[EventType "swiss"]
[EventRounds "9"]
[EventCountry "ESP"]
[Source "lmi"]
[SourceDate "2014.08.11"]

1. e4 e5 2. Nf3 Nc6 3. Nc3 Nf6 4. d4 exd4 5. Nd5 Nb4 6. Nxd4 Nxe4 7. Nb5 Nxd5
8. Qxd5 Bb4+ 9. c3 O-O 10. cxb4 c6 11. Qd4 cxb5 12. Bxb5 d5 13. O-O Be6 14. Be3
Nd6 15. Bd3 Nf5 16. Bxf5 Bxf5 17. Rad1 b6 18. Qe5 Qf6 19. Qxf6 gxf6 20. Rxd5
Be6 21. Rd4 Kg7 22. a4 Rfc8 23. b5 Rc2 24. Rb4 Rac8 25. h3 R8c4 26. Rxc4 Rxc4
27. b3 Rc3 28. b4 Rb3 29. Ra1 Rxb4 30. Kh2 Rb2 31. g4 Ra2 32. Rc1 Rxa4 33. Rc7
Bc4 34. h4 Bxb5 35. Kg3 Be2 36. f3 Ra3 37. Kf2 Bd1 38. Rd7 Ra2+ 39. Kg3 Ra3 40.
Kf4 Be2 41. Rd2 Bb5 42. Rd6 Be2 43. g5 fxg5+ 44. hxg5 Kf8 45. Rd7 Ke8 46. Rb7
Bc4 47. Rc7 Bd5 48. Bd4 Kd8 49. Rc1 Bxf3 50. Bc3 Bh5 51. Ke5 Kd7 52. Rc2 Bg6
53. Rd2+ Kc7 54. Bb4 Re3+ 55. Kd4 Re4+ 56. Kc3 a5 57. Bd6+ Kc6 58. Bh2 b5 59.
Rd6+ Kc5 60. Rd2 b4+ 61. Kb2 Rg4 62. Bc7 a4 63. Bd8 a3+ 64. Kb3 Rg3+ 65. Ka4
Kc4 66. Be7 Rb3 67. Bf6 Rb1 68. Rd4+ Kc5 69. Rd2 Bf5 70. Bd4+ Kc4 71. Bf6 Bd3
72. Rf2 Be4 73. Be7 Bc6+ 74. Ka5 b3 75. Rf4+ Kc3 76. Bb4+ Kb2 77. Rf2+ Ka1 78.
Bxa3 Bd5 79. Kb4 Rg1 80. Bb2+ Kb1 81. Bf6 Kc1 82. Be5 Rg4+ 83. Kc3 Kb1 84. Kd3
Bc4+ 85. Kc3 Be6 86. Bf6 Rc4+ 87. Kd3 Rc1 88. Rb2+ Ka1 89. Rxb3+ Ka2 1/2-1/2

[Event "48. Torneo Villa de Mislata"]
[Site "Mislata ESP"]
[Date "2014.08.14"]
[Round "6.8"]
[White "Garriga Cazorla, Pere"]
[Black "Galiana Fernandez, Adrian"]
[Result "1-0"]
[WhiteElo "2196"]
[BlackElo "1889"]
[PlyCount "63"]
[EventDate "2014.08.11"]
[EventType "swiss"]
[EventRounds "9"]
[EventCountry "ESP"]
[Source "lmi"]
[SourceDate "2014.08.11"]

1. Nf3 d5 2. g3 Nf6 3. Bg2 c6 4. O-O Bf5 5. c4 e6 6. Nc3 Bd6 7. d3 h6 8. cxd5
exd5 9. Nd4 Bg6 10. e4 dxe4 11. dxe4 O-O 12. Be3 Re8 13. f3 Na6 14. Qe2 Qe7 15.
Nxc6 bxc6 16. Qxa6 Bc5 17. Bxc5 Qxc5+ 18. Kh1 Rad8 19. Rad1 Bh5 20. Qa4 Qb6 21.
Qc2 Rxd1 22. Rxd1 Rd8 23. Rxd8+ Qxd8 24. h3 g5 25. Qf2 Qc7 26. f4 Nd7 27. e5 g4
28. h4 Qd8 29. Qd4 Qe7 30. Bxc6 Nb8 31. Nd5 Qf8 32. Nf6+ 1-0

[Event "48. Torneo Villa de Mislata"]
[Site "Mislata ESP"]
[Date "2014.08.14"]
[Round "6.9"]
[White "Nieves Cabanes, Javier"]
[Black "Gimenez Menchon, Cesar"]
[Result "1-0"]
[WhiteElo "2074"]
[BlackElo "2132"]
[PlyCount "100"]
[EventDate "2014.08.11"]
[EventType "swiss"]
[EventRounds "9"]
[EventCountry "ESP"]
[Source "lmi"]
[SourceDate "2014.08.11"]

1. d4 e6 2. c4 Nf6 3. Nf3 c5 4. d5 b5 5. dxe6 fxe6 6. cxb5 d5 7. g3 Bd6 8. Bg2
O-O 9. O-O Bb7 10. Nbd2 e5 11. e4 d4 12. Qc2 a6 13. bxa6 Bxa6 14. Nc4 Nc6 15.
Bd2 Kh8 16. Ne1 d3 17. Qxd3 Bc7 18. Rc1 Qxd3 19. Nxd3 Rfd8 20. Nxc5 Bxc4 21.
Rxc4 Rxd2 22. Ne6 Bb6 23. Rxc6 Rxb2 24. Bf3 Raxa2 25. Ng5 h6 26. Rc8+ Ng8 27.
Nh3 Kh7 28. Re8 Bd4 29. Bg4 Ra6 30. Rc1 Rab6 31. Bf5+ g6 32. Bc8 Rb8 33. Rc7+
Kh8 34. Rxg8+ Kxg8 35. Ba6 g5 36. Rc8+ Rxc8 37. Bxc8 Kg7 38. Kg2 Kf6 39. Ng1
Bc3 40. Ne2 Bd2 41. Kf3 h5 42. h4 Be1 43. Nc1 Bb4 44. Nd3 Bd6 45. Nxb2 Kg6 46.
Nc4 Bc7 47. Kg2 Kh6 48. Nd2 Bd8 49. Nf3 gxh4 50. Nxe5 Bc7 1-0

[Event "48. Torneo Villa de Mislata"]
[Site "Mislata ESP"]
[Date "2014.08.14"]
[Round "6.10"]
[White "Fernandez Ayuso, Sergio"]
[Black "Castella Garcia, Fausto"]
[Result "1-0"]
[WhiteElo "2084"]
[BlackElo "2335"]
[PlyCount "131"]
[EventDate "2014.08.11"]
[EventType "swiss"]
[EventRounds "9"]
[EventCountry "ESP"]
[Source "lmi"]
[SourceDate "2014.08.11"]

1. d4 Nf6 2. e3 g6 3. f4 Bg7 4. Nf3 O-O 5. Be2 d6 6. O-O c5 7. c3 Nc6 8. dxc5
dxc5 9. Qxd8 Rxd8 10. Nbd2 Bf5 11. h3 Bd3 12. Kf2 Bxe2 13. Kxe2 e5 14. Nxe5
Nxe5 15. fxe5 Nh5 16. Ne4 Rd5 17. g4 Rxe5 18. gxh5 Rxe4 19. hxg6 hxg6 20. Rf3
Rd8 21. Bd2 f5 22. Rg1 Kf7 23. Bc1 b5 24. Rd1 Rxd1 25. Kxd1 Rh4 26. Bd2 Be5 27.
Be1 Rh8 28. Ke2 Ke6 29. h4 Kd5 30. Rf1 Bf6 31. Rf4 Ke6 32. e4 Be5 33. exf5+
gxf5 34. Rf1 Bf6 35. Rh1 c4 36. h5 f4 37. h6 Kf5 38. Kf3 Rd8 39. Rh5+ Kg6 40.
Rxb5 Bg5 41. h7 Rd3+ 42. Kg4 Bf6 43. Kxf4 Kxh7 44. Rb7+ Kg6 45. Rxa7 Rd1 46.
Bf2 Rb1 47. Rb7 Rf1 48. Ke3 Kf5 49. Rb5+ Ke6 50. Ke2 Rb1 51. Bd4 Be7 52. a4 Rc1
53. a5 Bd6 54. Bc5 Bc7 55. Ba3 Rh1 56. a6 Rh8 57. Rc5 Kd7 58. Rxc4 Ra8 59. Ra4
Kc6 60. Kd3 Kb5 61. b3 Rxa6 62. Rxa6 Kxa6 63. Kc4 Be5 64. Bc5 Kb7 65. Bd4 Bd6
66. Kb5 1-0

[Event "48. Torneo Villa de Mislata"]
[Site "Mislata ESP"]
[Date "2014.08.14"]
[Round "6.11"]
[White "Laliena Solanes, Luis"]
[Black "Ferrer Moreno, Jose"]
[Result "1-0"]
[WhiteElo "2139"]
[BlackElo "2135"]
[PlyCount "97"]
[EventDate "2014.08.11"]
[EventType "swiss"]
[EventRounds "9"]
[EventCountry "ESP"]
[Source "lmi"]
[SourceDate "2014.08.11"]

1. d4 d5 2. Nf3 Nf6 3. e3 e6 4. Bd3 c5 5. b3 Nc6 6. Bb2 Qc7 7. O-O a6 8. a3
cxd4 9. exd4 Bd6 10. Qe2 h6 11. Nbd2 Nh5 12. g3 Nf6 13. c4 h5 14. Ne5 Bd7 15.
Rac1 Bxe5 16. dxe5 Ng4 17. cxd5 exd5 18. h3 Nh6 19. e6 Bxe6 20. Bxg7 O-O-O 21.
Bxh8 Rxh8 22. Kh2 h4 23. Qf3 hxg3+ 24. fxg3 Ng4+ 25. Kg2 Nge5 26. Qf6 Rxh3 27.
Bf5 Rxg3+ 28. Kh1 Kb8 29. Bxe6 fxe6 30. Qf8+ Ka7 31. Qf2+ d4 32. Qxg3 Qh7+ 33.
Kg2 Qh6 34. Nc4 Ng6 35. Rc2 e5 36. Rcf2 Nf4+ 37. Rxf4 exf4 38. Rxf4 Qe6 39. Qf3
Qg6+ 40. Rg4 Qc2+ 41. Kg3 Qh7 42. b4 Qe7 43. Na5 Qc7+ 44. Rf4 Ne5 45. Qe4 Qg7+
46. Kf2 d3 47. Qe3+ b6 48. Qxe5 Qd7 49. Qe7 1-0

[Event "48. Torneo Villa de Mislata"]
[Site "Mislata ESP"]
[Date "2014.08.14"]
[Round "6.12"]
[White "Garrido Olivares, Ricard"]
[Black "Mingarro Carceller, Sergi"]
[Result "1/2-1/2"]
[WhiteElo "2228"]
[BlackElo "2233"]
[PlyCount "45"]
[EventDate "2014.08.11"]
[EventType "swiss"]
[EventRounds "9"]
[EventCountry "ESP"]
[Source "lmi"]
[SourceDate "2014.08.11"]

1. c4 f5 2. g3 Nf6 3. Bg2 g6 4. Nc3 Bg7 5. d3 O-O 6. e4 fxe4 7. dxe4 d6 8. Nge2
e5 9. O-O Be6 10. b3 Qd7 11. f3 Nc6 12. Be3 Bh3 13. Qd2 Bxg2 14. Kxg2 Rf7 15.
Nd5 Raf8 16. Rf2 Nd8 17. Raf1 Ne6 18. h3 Nh5 19. Nb4 Qe7 20. Nd3 Bf6 21. Bh6
Bg7 22. Be3 Bf6 23. Bh6 1/2-1/2

[Event "48. Torneo Villa de Mislata"]
[Site "Mislata ESP"]
[Date "2014.08.14"]
[Round "6.13"]
[White "Sanchez Barbado, Carlos"]
[Black "Diaz Benitez, Ricardo"]
[Result "1-0"]
[WhiteElo "2249"]
[BlackElo "2008"]
[PlyCount "86"]
[EventDate "2014.08.11"]
[EventType "swiss"]
[EventRounds "9"]
[EventCountry "ESP"]
[Source "lmi"]
[SourceDate "2014.08.11"]

1. e4 d6 2. d4 Nf6 3. Nc3 c6 4. f4 Qa5 5. Bd3 e5 6. Nf3 Nbd7 7. Bd2 Qb6 8. Ne2
d5 9. Nxe5 dxe4 10. Bc4 Nxe5 11. fxe5 Nd5 12. Bxd5 cxd5 13. Bc3 Qh6 14. Qd2 g6
15. Nf4 Be6 16. O-O Rc8 17. Qe2 a6 18. Nxe6 fxe6 19. Rf6 Kd7 20. Raf1 Qh4 21.
Be1 Qg5 22. c3 Bh6 23. Rf7+ Kc6 24. Qc2 Qe3+ 25. Kh1 Qd3 26. Qa4+ Qb5 27. Qa3
Kb6 28. Qe7 Ka7 29. Qxe6 Rhf8 30. Rxf8 Rxf8 31. Rxf8 Qe2 32. Qf6 Bxf8 33. Qf2
Qd1 34. Kg1 Bh6 35. Kf1 Bg5 36. Qe2 Qc1 37. g3 h5 38. Kg2 Kb6 39. h4 Bh6 40. b3
Kc6 41. c4 b6 42. Qf2 dxc4 43. Qf6+ Kb5 1-0

[Event "48. Torneo Villa de Mislata"]
[Site "Mislata ESP"]
[Date "2014.08.14"]
[Round "6.14"]
[White "Romero Calduch, Sergio"]
[Black "Moreto Quintana, Alex"]
[Result "1-0"]
[WhiteElo "2104"]
[BlackElo "2132"]
[PlyCount "78"]
[EventDate "2014.08.11"]
[EventType "swiss"]
[EventRounds "9"]
[EventCountry "ESP"]
[Source "lmi"]
[SourceDate "2014.08.11"]

1. d4 Nf6 2. c4 e6 3. Nc3 d5 4. cxd5 exd5 5. Nf3 Be7 6. Bg5 c6 7. Qc2 O-O 8. e3
Re8 9. Bd3 Nbd7 10. O-O Nf8 11. Bxf6 Bxf6 12. b4 Bg4 13. Nd2 Rc8 14. Qb3 Qd6
15. b5 Bd8 16. bxc6 bxc6 17. Rfc1 Bc7 18. Nf1 Qf6 19. Na4 Ng6 20. f3 Bxf3 21.
gxf3 Nh4 22. f4 Bxf4 23. exf4 Qxd4+ 24. Kh1 Qxf4 25. Rc2 Re5 26. Ng3 Qf3+ 27.
Kg1 Qe3+ 28. Kf1 Nf3 29. Kg2 Ne1+ 30. Rxe1 Qxe1 31. Qb7 Rf8 32. Qxc6 Rg5 33.
Nc5 g6 34. Nd7 Rd8 35. Nf6+ Kg7 36. Nfh5+ Kh6 37. Qf6 Rg8 38. h4 Rg4 39. Be2
Rb4 1-0

[Event "48. Torneo Villa de Mislata"]
[Site "Mislata ESP"]
[Date "2014.08.14"]
[Round "6.15"]
[White "Gonzalvez Perales, Jose Luis"]
[Black "Gonzalez Aguirre, Luis"]
[Result "1/2-1/2"]
[WhiteElo "2012"]
[BlackElo "2118"]
[PlyCount "87"]
[EventDate "2014.08.11"]
[EventType "swiss"]
[EventRounds "9"]
[EventCountry "ESP"]
[Source "lmi"]
[SourceDate "2014.08.11"]

1. e4 d5 2. exd5 Qxd5 3. Nc3 Qa5 4. d4 Nf6 5. Bd2 c6 6. Bc4 Qb6 7. Nf3 Bf5 8.
O-O e6 9. Qe2 Bb4 10. Na4 Qa5 11. Nc5 Bxd2 12. Nxd2 Qc7 13. Nce4 Nxe4 14. Nxe4
Nd7 15. Bd3 O-O 16. c3 Rfe8 17. f4 c5 18. g4 Bxe4 19. Qxe4 Nf6 20. Qf3 cxd4 21.
g5 Nd7 22. Qe4 Nf8 23. Qxd4 Red8 24. Qe3 Rd6 25. Rad1 Rad8 26. h4 Qd7 27. Bc2
Qb5 28. Rxd6 Rxd6 29. Rf2 a6 30. h5 Qd5 31. h6 gxh6 32. gxh6 Ng6 33. f5 exf5
34. Qe8+ Nf8 35. Rg2+ Rg6 36. Rxg6+ hxg6 37. h7+ Kxh7 38. Qxf8 Qxa2 39. Qe7
Qa1+ 40. Kf2 Qxb2 41. Qxf7+ Kh6 42. Qf8+ Kh7 43. Qe7+ Kh6 44. Qh4+ 1/2-1/2

[Event "48. Torneo Villa de Mislata"]
[Site "Mislata ESP"]
[Date "2014.08.14"]
[Round "6.16"]
[White "Guillem Mora, Carlos"]
[Black "Nieves Cabanes, Jose Manuel"]
[Result "1/2-1/2"]
[WhiteElo "1951"]
[BlackElo "2091"]
[PlyCount "79"]
[EventDate "2014.08.11"]
[EventType "swiss"]
[EventRounds "9"]
[EventCountry "ESP"]
[Source "lmi"]
[SourceDate "2014.08.11"]

1. d4 Nf6 2. Nf3 c5 3. c3 b6 4. Bf4 Bb7 5. e3 d6 6. h3 g6 7. Bd3 Bg7 8. O-O
Nbd7 9. Re1 O-O 10. Bh2 Qc7 11. Nbd2 e5 12. dxe5 dxe5 13. Nc4 Rfe8 14. Be2 Ne4
15. Nfd2 Ndf6 16. Nf3 Nd7 17. Nfd2 Nf8 18. Nxe4 Bxe4 19. f3 Rad8 20. Qb3 Bc6
21. Rad1 b5 22. Na3 a6 23. Qc2 c4 24. Kh1 Nd7 25. e4 Nc5 26. Bg1 Ne6 27. Nb1
Nf4 28. Bf1 Bf6 29. Bf2 h5 30. a4 Kg7 31. axb5 axb5 32. b3 Bd7 33. bxc4 bxc4
34. Nd2 Nd3 35. Bxd3 cxd3 36. Qb3 Rb8 37. Qc4 Qxc4 38. Nxc4 Ba4 39. Rd2 Red8
40. Be3 1/2-1/2

[Event "48. Torneo Villa de Mislata"]
[Site "Mislata ESP"]
[Date "2014.08.14"]
[Round "6.17"]
[White "Nieto Tornero, Jose"]
[Black "Calvo Alfonso, Vicente"]
[Result "0-1"]
[WhiteElo "1914"]
[BlackElo "2151"]
[PlyCount "115"]
[EventDate "2014.08.11"]
[EventType "swiss"]
[EventRounds "9"]
[EventCountry "ESP"]
[Source "lmi"]
[SourceDate "2014.08.11"]

1. e4 Nf6 2. Nc3 d5 3. exd5 Nxd5 4. Qf3 c6 5. Bc4 Be6 6. Nge2 Nc7 7. Bxe6 Nxe6
8. d3 Nd7 9. d4 Nb6 10. Qe4 g6 11. O-O Bg7 12. Rd1 Nd5 13. Nxd5 cxd5 14. Qd3
O-O 15. c3 Qd6 16. Be3 f5 17. f4 Nc7 18. Kh1 Ne8 19. Qb5 Nf6 20. h3 Ne4 21. Rg1
a6 22. Qd3 Qf6 23. g3 Rfc8 24. Rg2 Qc6 25. Rh2 b5 26. a4 Qc4 27. Qxc4 bxc4 28.
Ng1 Rab8 29. Nf3 Bf6 30. Ra2 Rb7 31. Ne1 Rcb8 32. Nf3 e6 33. Re2 h6 34. h4 Rg7
35. Rg2 g5 36. fxg5 hxg5 37. hxg5 Bxg5 38. Bxg5 Nxg5 39. Ne5 Rh7+ 40. Kg1 Rh3
41. Kf2 Ne4+ 42. Kf3 Rh1 43. Nc6 Rb6 44. Ne7+ Kf7 45. a5 Rd6 46. Nc8 Rd8 47.
Nb6 Rdh8 48. b3 Rf1+ 49. Ke3 Re1+ 50. Kf4 cxb3 51. Rab2 Rhh1 52. Rge2 Rxe2 53.
Rxe2 Rf1+ 54. Ke5 Nxc3 55. Rh2 Ra1 56. Rb2 Ra3 57. Nc8 Na4 58. Nd6+ 0-1

[Event "48. Torneo Villa de Mislata"]
[Site "Mislata ESP"]
[Date "2014.08.14"]
[Round "6.18"]
[White "Gomez Sanjuan, Hector Fernando"]
[Black "Redondo Flores, David"]
[Result "0-1"]
[WhiteElo "1812"]
[BlackElo "1983"]
[PlyCount "64"]
[EventDate "2014.08.11"]
[EventType "swiss"]
[EventRounds "9"]
[EventCountry "ESP"]
[Source "lmi"]
[SourceDate "2014.08.11"]

1. d4 g6 2. c4 Bg7 3. e4 d6 4. Nc3 e5 5. d5 f5 6. exf5 gxf5 7. Be2 Ne7 8. Bg5
O-O 9. Qd2 Nd7 10. Bh6 Nf6 11. Bxg7 Kxg7 12. Nf3 Bd7 13. h3 Kh8 14. Rg1 Rg8 15.
Nh2 Ng6 16. g3 Nf4 17. g4 Nxe2 18. Qxe2 Be8 19. f3 Nh5 20. Qf2 Qf6 21. O-O-O
Bd7 22. Rdf1 Raf8 23. Qe1 a6 24. Ne2 Qh6+ 25. Kb1 Qe3 26. Qd1 b5 27. cxb5 Bxb5
28. Re1 Qd3+ 29. Qxd3 Bxd3+ 30. Kc1 Bxe2 31. Rxe2 Ng3 32. Reg2 Ne2+ 0-1

[Event "48. Torneo Villa de Mislata"]
[Site "Mislata ESP"]
[Date "2014.08.15"]
[Round "7.1"]
[White "Antoli Royo, Joaquin Miguel"]
[Black "Ugalde Ezcurra, Jose Miguel"]
[Result "1-0"]
[WhiteElo "2428"]
[BlackElo "2155"]
[PlyCount "35"]
[EventDate "2014.08.11"]
[EventType "swiss"]
[EventRounds "9"]
[EventCountry "ESP"]
[Source "lmi"]
[SourceDate "2014.08.11"]

1. e4 e6 2. d4 d5 3. Nd2 Be7 4. Ngf3 Nf6 5. e5 Nfd7 6. c4 c5 7. cxd5 exd5 8.
Bd3 Nc6 9. O-O O-O 10. Re1 Re8 11. a3 Nxd4 12. Nxd4 cxd4 13. Nb3 Nc5 14. Nxc5
Bxc5 15. Qc2 Qc7 16. Bxh7+ Kh8 17. Bd3 Rxe5 18. Bf4 1-0

[Event "48. Torneo Villa de Mislata"]
[Site "Mislata ESP"]
[Date "2014.08.15"]
[Round "7.2"]
[White "Lopez Mulet, Inigo"]
[Black "Alonso Moyano, Jonathan"]
[Result "1-0"]
[WhiteElo "2193"]
[BlackElo "2408"]
[PlyCount "67"]
[EventDate "2014.08.11"]
[EventType "swiss"]
[EventRounds "9"]
[EventCountry "ESP"]
[Source "lmi"]
[SourceDate "2014.08.11"]

1. d4 f5 2. g3 Nf6 3. Bg2 g6 4. Nf3 Bg7 5. c4 O-O 6. O-O d6 7. Nc3 c6 8. Qc2
Qa5 9. Rb1 e5 10. b4 Qc7 11. dxe5 dxe5 12. Rd1 f4 13. Qb3 Kh8 14. b5 fxg3 15.
hxg3 Nbd7 16. Ba3 c5 17. Ng5 Nb6 18. Nge4 Be6 19. Nxc5 Bxc4 20. Qc2 Bg8 21.
Bxb7 Nc4 22. Bb4 Rad8 23. Bc6 Rxd1+ 24. Rxd1 Rd8 25. a4 Rxd1+ 26. Qxd1 Qc8 27.
N3e4 Nxe4 28. Nxe4 Qe6 29. Qd8 h6 30. Be7 Kh7 31. Bf6 Bf7 32. Be7 Bg8 33. Nc3
Nb6 34. a5 1-0

[Event "48. Torneo Villa de Mislata"]
[Site "Mislata ESP"]
[Date "2014.08.15"]
[Round "7.3"]
[White "Carrascoso Morales, Abel"]
[Black "Ribera Cebolla, Marc"]
[Result "1-0"]
[WhiteElo "2342"]
[BlackElo "2059"]
[PlyCount "63"]
[EventDate "2014.08.11"]
[EventType "swiss"]
[EventRounds "9"]
[EventCountry "ESP"]
[Source "lmi"]
[SourceDate "2014.08.11"]

1. d4 Nf6 2. c4 g6 3. Nc3 d5 4. Nf3 Bg7 5. Bf4 O-O 6. Rc1 c6 7. e3 Be6 8. h3 h6
9. Ne5 Nfd7 10. Nxd7 Qxd7 11. c5 f5 12. h4 Bf7 13. Bd3 Qe8 14. Qb3 Qc8 15. Qc2
Nd7 16. g4 e5 17. dxe5 Nxc5 18. Bxf5 gxf5 19. gxf5 Ne6 20. fxe6 Bxe6 21. Rg1
Bf5 22. e4 Bxe4 23. Nxe4 Rxf4 24. Nf6+ Rxf6 25. exf6 Qe6+ 26. Qe2 Qxf6 27. Rc3
Qf5 28. Kf1 Qb1+ 29. Kg2 Qxa2 30. Kh2 Qa4 31. Qe7 Qf4+ 32. Rcg3 1-0

[Event "48. Torneo Villa de Mislata"]
[Site "Mislata ESP"]
[Date "2014.08.15"]
[Round "7.4"]
[White "Perez Manas, Benjamin"]
[Black "Garriga Cazorla, Pere"]
[Result "0-1"]
[WhiteElo "2290"]
[BlackElo "2196"]
[PlyCount "82"]
[EventDate "2014.08.11"]
[EventType "swiss"]
[EventRounds "9"]
[EventCountry "ESP"]
[Source "lmi"]
[SourceDate "2014.08.11"]

1. e4 c5 2. Nf3 Nc6 3. d4 cxd4 4. Nxd4 Qb6 5. Nb3 Nf6 6. Nc3 e6 7. Be3 Qc7 8.
g3 a6 9. Bg2 b5 10. O-O Bb7 11. f4 d6 12. Qe2 Be7 13. a3 O-O 14. g4 Nd7 15. Qf2
Rfe8 16. g5 Bf8 17. Rad1 Rac8 18. Kh1 Na5 19. Nxa5 Qxa5 20. f5 exf5 21. Qxf5
Ne5 22. Bd4 Qc7 23. Nd5 Bxd5 24. exd5 g6 25. Qf4 Bg7 26. Rf2 Re7 27. c3 Qd7 28.
h3 Rce8 29. Kh2 Nc4 30. Bf6 Re5 31. Qc1 Ne3 32. Rd3 Bxf6 33. gxf6 Qd8 34. c4
bxc4 35. Rd4 Nf5 36. Rxc4 Qxf6 37. Rc6 Re3 38. Qc4 g5 39. Qg4 Qe5+ 40. Kg1 Re1+
41. Bf1 Ne3 0-1

[Event "48. Torneo Villa de Mislata"]
[Site "Mislata ESP"]
[Date "2014.08.15"]
[Round "7.5"]
[White "Aymerich Rosell, Pablo"]
[Black "Pena Riasco, Alexander"]
[Result "1/2-1/2"]
[WhiteElo "2125"]
[BlackElo "2242"]
[PlyCount "55"]
[EventDate "2014.08.11"]
[EventType "swiss"]
[EventRounds "9"]
[EventCountry "ESP"]
[Source "lmi"]
[SourceDate "2014.08.11"]

1. d4 d5 2. c4 c6 3. cxd5 cxd5 4. Bf4 Nf6 5. e3 Nc6 6. Nc3 e6 7. Bd3 a6 8. Rc1
Qb6 9. Qe2 Be7 10. h3 Bd7 11. Nf3 O-O 12. O-O Rfc8 13. a3 Qa5 14. Nb1 Ne4 15.
b4 Qd8 16. Nbd2 f5 17. Nb3 Be8 18. Ne5 Na7 19. Na5 Qb6 20. Qb2 Nb5 21. Nb3 Nbc3
22. f3 Na4 23. Qa1 Nf6 24. Rxc8 Rxc8 25. Rc1 Qd8 26. Na5 Rc7 27. Bf1 Bd6 28.
Nd3 1/2-1/2

[Event "48. Torneo Villa de Mislata"]
[Site "Mislata ESP"]
[Date "2014.08.15"]
[Round "7.8"]
[White "Jordan Arenas, Manuel"]
[Black "Laliena Solanes, Luis"]
[Result "0-1"]
[WhiteElo "2148"]
[BlackElo "2139"]
[PlyCount "40"]
[EventDate "2014.08.11"]
[EventType "swiss"]
[EventRounds "9"]
[EventCountry "ESP"]
[Source "lmi"]
[SourceDate "2014.08.11"]

1. d4 Nf6 2. c4 e6 3. Nf3 Bb4+ 4. Nbd2 O-O 5. a3 Be7 6. e4 d5 7. Bd3 c5 8. dxc5
a5 9. exd5 exd5 10. O-O Bg4 11. Qc2 Nc6 12. b3 Bxc5 13. h3 Bh5 14. cxd5 Qxd5
15. Be4 Qd6 16. Bb2 Nd4 17. Nxd4 Bxd4 18. Bxd4 Qxd4 19. Rfe1 Rfe8 20. Rac1 Rad8
0-1

[Event "48. Torneo Villa de Mislata"]
[Site "Mislata ESP"]
[Date "2014.08.15"]
[Round "7.9"]
[White "Uran Bermudez, Oliver Kevin"]
[Black "Fernandez Ayuso, Sergio"]
[Result "1/2-1/2"]
[WhiteElo "2130"]
[BlackElo "2084"]
[PlyCount "126"]
[EventDate "2014.08.11"]
[EventType "swiss"]
[EventRounds "9"]
[EventCountry "ESP"]
[Source "lmi"]
[SourceDate "2014.08.11"]

1. e4 e6 2. d4 d5 3. Nc3 dxe4 4. Nxe4 Nd7 5. Nf3 Ngf6 6. Ng3 c5 7. Be2 Be7 8.
O-O O-O 9. c4 Re8 10. b3 Nf8 11. Bb2 b6 12. Qc2 Bb7 13. Rad1 Qc7 14. dxc5 Qxc5
15. Nd2 Rad8 16. Bf3 Bxf3 17. Nxf3 Rxd1 18. Rxd1 Rd8 19. Bxf6 Bxf6 20. Ne4 Qf5
21. Nxf6+ Qxf6 22. Rxd8 Qxd8 23. Kf1 Ng6 24. g3 Qd6 25. Ke2 Kf8 26. Qd2 Ke7 27.
Qg5+ f6 28. Qh5 Qa3 29. Qxh7 Qxa2+ 30. Nd2 Kf7 31. Qh5 Qc2 32. Qb5 Ne5 33. f4
Qd3+ 34. Kd1 Ng4 35. Qh5+ Qg6 36. Qxg6+ Kxg6 37. Nf3 e5 38. fxe5 fxe5 39. Ke2
Kf5 40. h3 Nf6 41. Ke3 a5 42. g4+ Ke6 43. Ng5+ Kd6 44. Nf3 Ke6 45. Nd2 Kd6 46.
Nf3 Ke6 47. Ne1 Nd7 48. Nd3 g5 49. Kf3 Kd6 50. h4 gxh4 51. g5 h3 52. Kg3 e4 53.
Nc1 Nc5 54. Kxh3 e3 55. Kg3 Ke5 56. Kf3 Kd4 57. Ne2+ Kd3 58. Nf4+ Kc2 59. g6
Nd7 60. Kxe3 Kxb3 61. Nd5 Ne5 62. Kd4 Nxg6 63. Nxb6 a4 1/2-1/2

[Event "48. Torneo Villa de Mislata"]
[Site "Mislata ESP"]
[Date "2014.08.15"]
[Round "7.10"]
[White "Galiana Fernandez, Adrian"]
[Black "Sanchez Barbado, Carlos"]
[Result "0-1"]
[WhiteElo "1889"]
[BlackElo "2249"]
[PlyCount "80"]
[EventDate "2014.08.11"]
[EventType "swiss"]
[EventRounds "9"]
[EventCountry "ESP"]
[Source "lmi"]
[SourceDate "2014.08.11"]

1. e4 c5 2. Nf3 e6 3. d4 cxd4 4. Nxd4 Nf6 5. Nc3 Nc6 6. Nxc6 bxc6 7. e5 Nd5 8.
Ne4 Qa5+ 9. c3 f5 10. exf6 Nxf6 11. Nd6+ Bxd6 12. Qxd6 Ba6 13. Bxa6 Qxa6 14.
Bg5 Qc4 15. O-O-O Rd8 16. Bxf6 gxf6 17. Rd4 Qxa2 18. Rhd1 Rg8 19. Qf4 Rf8 20.
Rxd7 Rxd7 21. Qb8+ Ke7 22. Rxd7+ Kxd7 23. Qxf8 Qa1+ 24. Kc2 Qa4+ 25. Kb1 Qd1+
26. Ka2 Qa4+ 27. Kb1 Qd1+ 28. Ka2 Qd5+ 29. Ka1 Qa5+ 30. Kb1 Qf5+ 31. Ka2 Qxf2
32. Qf7+ Kd6 33. Qxh7 Qxg2 34. Qxa7 e5 35. Qb8+ Ke6 36. Qc8+ Kf7 37. h4 Qd5+
38. b3 e4 39. Qc7+ Ke6 40. Qg3 Qa5+ 0-1